[Event "Barcelona La Lira op-C 11th"]
[Site "Barcelona"]
[Date "2008.07.24"]
[Round "6.3"]
[White "Fibla Costa, Roger"]
[Black "Rosell Palau, Joan"]
[Result "1-0"]
[WhiteElo "1881"]
[BlackElo "1792"]
[PlyCount "110"]
[EventDate "2008.07.19"]
[EventType "tourn"]
[EventRounds "9"]
[EventCountry "ESP"]
[SourceTitle "EXT 2024"]
[Source "ChessBase"]
[SourceDate "2023.10.10"]
[SourceVersion "1"]
[SourceVersionDate "2023.10.10"]
[SourceQuality "1"]

1. e4 c5 2. Nf3 Nc6 3. d4 cxd4 4. Nxd4 Qc7 5. Nc3 e6 6. Ndb5 Qb8 7. a3 a6 8. Nd4 Qc7 9. Be3 Nf6 10. Qd2 b5 11. Be2 b4 12. axb4 Bxb4 13. f3 Bb7 14. 0-0 Na5 15. Qd3 Rc8 16. Na2 Bd6 17. g3 Nc4 18. Rab1 Nxe3 19. Qxe3 e5 20. Nb3 Bc5 21. Nxc5 Qxc5 22. Qxc5 Rxc5 23. c3 Ke7 24. Nb4 Ra8 25. Ra1 a5 26. Nd3 Rb5 27. Ra2 d6 28. Rfa1 Nd7 29. b4 a4 30. Rxa4 Rxa4 31. Rxa4 Rb6 32. Nb2 d5 33. exd5 Bxd5 34. c4 Bb7 35. Nd3 e4 36. fxe4 Bxe4 37. Ra7 Rd6 38. Nc5 Bf5 39. g4 Be6 40. Nxe6 Rxe6 41. Bd3 g6 42. c5 Kd8 43. Bb5 Ne5 44. Ba4 Rf6 45. b5 Rf4 46. b6 Rxg4+ 47. Kf1 Rf4+ 48. Ke2 Re4+ 49. Kd2 Rd4+ 50. Kc3 Rc4+ 51. Kd2 Rxc5 52. Ra8+ Rc8 53. b7 Nc4+ 54. Ke1 Nb6 55. Rxc8+ Nxc8 1-0